| 000 | 01954nam1a2200337 i 4500 | ||
|---|---|---|---|
| 001 | RU\NLR\bibl\383134 | ||
| 005 | 20260407082839.0 | ||
| 035 | _a(NLR Aleph) 000377528 | ||
| 090 |
_a434749 _c434749 |
||
| 100 | _a20030331d1998 k y0rusy50 ca | ||
| 101 | 0 | _arus | |
| 102 | _aRU | ||
| 105 | _aa ||||||||| | ||
| 200 | 1 |
_aНовые технологии в диагностике и лечении туберкулеза различных органов и систем _eНауч. тр. и материалы Всерос. конф., 25-27 нояб. 1998 г. _e[В 2 т.] _fПод ред. Засл. деят. науки РФ, проф. А.В. Васильева |
|
| 210 |
_aСПб. _cС.-Петерб. НИИ фтизиопульмонологии _d1998 |
||
| 215 | _d20 | ||
| 300 | _aВ надзаг.: С.-Петерб. НИИ фтизиопульмонологии М-ва Здравоохранения Рос. Федерации | ||
| 300 | _aНа тит. л.: К 15-летию ин-та и 75-летию предшественника - Ленингр. НИИ туберкулеза | ||
| 309 | _aНа обл.: XV | ||
| 463 | 0 | _1001373822 | |
| 463 | 0 | _1001373823 | |
| 606 |
_aТуберкулез _jСъезды, совещания и т.п. _9930954 _3RU\NLR\auth\6624202 |
||
| 686 | _aР54я431(2)01 | ||
| 702 | 1 |
_4340 _8rus _7ca _aВасильев _bА. В. _f1938-1999 _cд-р мед. наук, фтизиатрия _gАлександр Васильевич _3RU\NLR\AUTH\7713248 _9122942 |
|
| 711 | 1 | 2 |
_aВсероссийская конференция по новым технологиям в диагностике и лечении туберкулеза различных органов и систем _f1998 _eСанкт-Петербург _3RU\NLR\AUTH\8810043623 _9586713 |
| 801 | 0 |
_aRU _bNLR _c20030331 _gPSBO |
|
| 801 | 1 |
_aRU _bNLR _c20030331 |
|
| 852 |
_aNLR _j2003-3/5395 |
||
| 942 | _cBOOK | ||